| 000 | 00510nam a2200181Ia 4500 | ||
|---|---|---|---|
| 999 |
_c28330 _d28330 |
||
| 003 | OSt | ||
| 005 | 20201231112515.0 | ||
| 008 | 190216s9999||||xx |||||||||||||| ||und|| | ||
| 020 | _a9798188582333 | ||
| 040 | _coclc | ||
| 082 |
_a894.812301 _bSRE/E |
||
| 100 |
_aSreeraman, C V _97951 |
||
| 245 | 0 |
_aEnte Priyakathakal / _cC V Sreeraman |
|
| 260 |
_bGreen Books, _c2004. _aThrissur: |
||
| 300 | _a140p | ||
| 650 | _aKathakal | ||
| 942 |
_cBK _2ddc _h894.812301 _iSRE/E _k894.812301 _mSRE/E |
||